[Event "AUTO-INT-1114"]
[Site "http://www.queenalice.com/game.php?id=497705"]
[Date "2008.11.24"]
[Round "1"]
[White "mitsho"]
[Black "LuisE"]
[Result "0-1"]
[WhiteElo "1536"]
[BlackElo "1552"]

1. e4 e5 2. d4 d6 3. dxe5 dxe5 4. Qxd8+ Kxd8 5. Nf3 Nc6 6. Bc4 Bd6 7. Ng5 Be6 8.
Bxe6 fxe6 9. Nf7+ Ke7 10. Nxh8 Nf6 11. Nd2 Nd4 12. O-O Nxc2 13. Rb1 Nd4 14. Nc4
Nxe4 15. Be3 Rxh8 16. f3 Ne2+ 17. Kh1 N4g3+ 18. hxg3 Nxg3+ 19. Kg1 Nxf1 20. Rxf1
b6 21. f4 e4 22. f5 Rf8 23. fxe6 Rxf1+ 24. Kxf1 Kxe6 25. Kf2 Bc5 26. g4 Kd5 27.
b3 Bxe3+ 28. Kxe3 b5 29. Nd2 a5 30. Nxe4 h6 0-1

[Event "Challenge"]
[Site "http://www.queenalice.com/game.php?id=499170"]
[Date "2008.11.27"]
[Round "-"]
[White "LuisE"]
[Black "crisvolei"]
[Result "0-1"]
[WhiteElo "1546"]
[BlackElo "1564"]

1. e4 e5 2. Nf3 Qf6 3. Nc3 Nc6 4. d3 Bc5 5. Be2 Nd4 6. Be3 Nxf3+ 7. Bxf3 Bxe3 8.
fxe3 Qh4+ 9. g3 Qg5 10. Qd2 d6 11. d4 Bg4 12. Bxg4 Qxg4 13. d5 Nf6 14. Qg2 h5
15. h3 Qg5 16. Qf3 h4 17. g4 O-O 18. O-O-O a5 19. Kb1 b5 20. Nxb5 Rfb8 21. Nc3
Rb4 22. Rhe1 Nd7 23. Qf5 Qxf5 24. exf5 Nc5 25. a3 Rc4 26. b3 Rxc3 27. Kb2 Ne4
28. Re2 Rb8 29. a4 Rb4 30. Rf1 f6 31. g5 fxg5 32. f6 gxf6 33. Rxf6 Nxf6 34. Kxc3
Nxd5+ 35. Kd3 e4+ 36. Kd2 c5 37. Rg2 c4 38. Rxg5+ Kf7 39. Rxd5 cxb3 40. cxb3
Rxb3 41. Rxa5 Rd3+ 42. Kc2 Rxe3 43. Rf5+ Ke6 44. Rf4 d5 45. Rxh4 Re2+ 46. Kc3
Ke5 47. Rh5+ Kd6 48. Rg5 Kc5 49. h4 e3 50. Rg3 Re1 51. Rh3 d4+ 52. Kd3 Rd1+ 53.
Ke2 Rd2+ 54. Ke1 Kc4 55. a5 Kc3 56. a6 Ra2 57. h5 Kd3 58. h6 Ra1# 0-1

[Event "Challenge"]
[Site "http://www.queenalice.com/game.php?id=499351"]
[Date "2008.11.28"]
[Round "-"]
[White "LuisE"]
[Black "Aleqza"]
[Result "1-0"]
[WhiteElo "1531"]
[BlackElo "1495"]

1. e4 e5 2. Nf3 Nf6 3. Nc3 Nc6 4. Be2 Bc5 5. h3 Nh5 6. d3 Bb4 7. Bd2 Bxc3 8.
Bxc3 Nf4 9. Bf1 b6 10. Nxe5 Nxe5 11. Bxe5 Ne6 12. Be2 Qg5 13. Bg3 Bb7 14. Bg4 d5
15. Bxe6 fxe6 16. h4 Qf6 17. Qf3 Qxb2 18. O-O Qxc2 19. e5 O-O-O 20. d4 Ba6 21.
Rfc1 Qb2 22. Qg4 Bb5 23. Qxe6+ Bd7 24. Qxd5 Qb5 25. Qa8# 1-0

[Event "Challenge"]
[Site "http://www.queenalice.com/game.php?id=499698"]
[Date "2008.11.28"]
[Round "-"]
[White "LuisE"]
[Black "heberesteves"]
[Result "1-0"]
[WhiteElo "1549"]
[BlackElo "1479"]

1. e4 g6 2. d4 b6 3. Nf3 Bh6 4. Bxh6 Nxh6 5. h3 Ba6 6. Bxa6 Nxa6 7. a3 c5 8. d5
Rc8 9. O-O O-O 10. Nc3 c4 11. Qd2 Kg7 12. Qd4+ Kg8 13. Qd2 Kg7 14. Rfe1 e5 15.
Nxe5 f6 16. Nf3 Nc7 17. d6 Ne6 18. Nd5 Rc6 19. e5 fxe5 20. Nxe5 Rxd6 21. Qc3 Qa8
22. Nxc4+ Kg8 23. Nxd6 Qxd5 24. Ne4 Nf5 25. Nf6+ Rxf6 26. Qxf6 Nfg7 27. Rad1 Qc6
28. Qe5 Qb7 29. Qd6 1-0

[Event "Challenge"]
[Site "http://www.queenalice.com/game.php?id=499739"]
[Date "2008.11.28"]
[Round "-"]
[White "LuisE"]
[Black "mandacaru"]
[Result "0-1"]
[WhiteElo "1510"]
[BlackElo "1647"]

1. e4 e5 2. Nf3 d6 3. Nc3 g6 4. Be2 f5 5. d3 f4 6. d4 g5 7. h3 exd4 8. Qxd4 Nf6
9. Bd2 a6 10. O-O-O Nc6 11. Qa4 Bd7 12. Nxg5 Ne5 13. Bc4 Bxa4 14. Nxa4 Nxc4 15.
Bxf4 b5 16. Ne6 Qe7 17. e5 Nh5 18. exd6 cxd6 19. Rhe1 Ne5 20. Bxe5 dxe5 21. Rxe5
Bh6+ 22. Kb1 Qf7 23. Ng5+ Qe7 24. Rxe7+ Kxe7 25. Nb6 Bxg5 26. Nxa8 Rxa8 27. Rd5
Kf6 28. g3 Re8 29. a3 Ng7 30. f4 Bh6 31. Rd7 Ne6 32. Rxh7 Bg7 33. Rh5 Nd4 34.
Rd5 Re1+ 35. Ka2 Ke6 36. Rg5 Bf6 37. Rg6 Nxc2 38. g4 Ra1+ 39. Kb3 Nd4+ 40. Kb4
Nc6+ 41. Kc5 Rc1+ 42. Kb6 Ne7 43. Rh6 Rc6+ 44. Ka5 Kd5 45. g5 Bxb2 46. h4 Bc3#
0-1

[Event "Challenge"]
[Site "http://www.queenalice.com/game.php?id=499748"]
[Date "2008.11.28"]
[Round "-"]
[White "LuisE"]
[Black "ReidoBaralho"]
[Result "1-0"]
[WhiteElo "1529"]
[BlackElo "1549"]

1. e4 e5 2. Nf3 d6 3. Nc3 Bg4 4. Be2 g6 5. d3 Bg7 6. Be3 Ne7 7. Qd2 h6 8. h3
Bxf3 9. Bxf3 Nbc6 10. O-O a5 11. a3 a4 12. Rfd1 O-O 13. Bxh6 Nd4 14. Bxg7 Kxg7
15. Be2 Rh8 16. Nd5 Nxd5 17. exd5 Rh4 18. Bg4 Rh6 19. Rf1 f5 20. Be2 g5 21. Bf3
Nxf3+ 22. gxf3 Rxh3 23. Kg2 Qh8 24. Rh1 Rh4 25. Qxg5+ Kf7 26. Rxh4 Qg8 27. Qxg8+
Rxg8+ 28. Kh2 f4 29. Rg1 Ra8 30. Rg5 Kf6 31. Rgh5 e4 32. fxe4 f3 33. Rf4+ Kg6
34. Rff5 c5 35. dxc6 bxc6 36. Rh3 Rb8 37. Rg3+ Kh6 38. Rf6+ Kh7 39. Rf4 c5 40.
Rh4# 1-0

[Event "Challenge"]
[Site "http://www.queenalice.com/game.php?id=499760"]
[Date "2008.11.28"]
[Round "-"]
[White "LuisE"]
[Black "samueneotaviano"]
[Result "1-0"]
[WhiteElo "1574"]
[BlackElo "1422"]

1. e4 e5 2. Nf3 f6 3. Nc3 c6 4. Be2 b5 5. d3 a5 6. a3 a4 7. Be3 h5 8. h3 h4 9.
d4 g5 10. d5 d6 11. Qd2 Be7 12. Na2 Na6 13. dxc6 Nc7 14. Nb4 Ba6 15. Bb6 Qb8 16.
Bxc7 Qxc7 17. Nxa6 Qxc6 18. Nb4 Qxe4 19. Qd5 Qxd5 20. Nxd5 Rb8 21. O-O Kd7 22.
Nd2 Kc6 23. Nb4+ Kb6 24. Nd5+ Kc6 25. Nc3 d5 26. Rfe1 e4 27. Bg4 Nh6 28. f3 f5
29. Bh5 Bc5+ 30. Kh1 Bd4 31. fxe4 dxe4 32. Bg6 e3 33. Nf3 f4 34. Nxd4+ Kc5 35.
Ne6+ Kc6 36. Be4+ Kb6 37. Nxg5 Rbe8 38. Rad1 Rd8 39. Rxd8 Rxd8 40. Rd1 Rxd1+ 41.
Kh2 Rd7 42. Nf3 Nf7 43. Bf5 Re7 44. Nd5+ Kc6 45. Nxe7+ Kc5 46. Bd3 Nd6 47. Nxh4
Kd4 48. Nef5+ Nxf5 49. Nxf5+ Kc5 50. g3 b4 51. gxf4 bxa3 52. bxa3 Kd5 53. Nxe3+
1-0

[Event "Challenge"]
[Site "http://www.queenalice.com/game.php?id=500655"]
[Date "2008.11.30"]
[Round "-"]
[White "LuisE"]
[Black "fbenevides"]
[Result "0-1"]
[WhiteElo "1543"]
[BlackElo "1598"]

1. e4 d6 2. d4 Nf6 3. Nc3 c6 4. Nf3 Qb6 5. Be3 Qxb2 6. Bd2 Qb6 7. Bd3 Ng4 8. h3
Nf6 9. O-O Nh5 10. Qe2 e5 11. Be3 exd4 12. Nxd4 Nf6 13. Rfb1 Qa5 14. Qd2 Qc7 15.
Nf3 Be7 16. Bc4 O-O 17. Bg5 Qd8 18. Qf4 Nh5 19. Qh4 Nf6 20. Qg3 Qa5 21. Bh6 Nh5
22. Qh2 Qxc3 23. Bd3 gxh6 24. e5 d5 25. Rb3 Qxa1+ 26. Bf1 Qxa2 27. g4 Ng7 28. g5
hxg5 29. Nxg5 Bxg5 30. Rg3 h6 31. h4 Bf4 32. Rxg7+ Kxg7 33. Qxf4 Qxc2 34. Qf6+
Kh7 35. Qe7 Nd7 36. Qa3 Rg8+ 37. Kh1 Qe4+ 38. Kh2 Qxh4+ 0-1

[Event "Challenge"]
[Site "http://www.queenalice.com/game.php?id=500664"]
[Date "2008.11.30"]
[Round "-"]
[White "LuisE"]
[Black "juim"]
[Result "1-0"]
[WhiteElo "1512"]
[BlackElo "1756"]

1. e4 d5 2. e5 Nc6 3. Nf3 e6 4. d4 Bb4+ 5. Bd2 Bxd2+ 6. Qxd2 Nge7 7. Nc3 O-O 8.
Bd3 Nb4 9. a3 Nxd3+ 10. Qxd3 b6 11. Ng5 Nf5 12. h4 h6 13. Nf3 f6 14. exf6 Qxf6
15. Ne5 a5 16. Qh3 Nxd4 17. O-O-O Qxe5 18. Rde1 Qf4+ 19. Qe3 Qxe3+ 20. fxe3 Nf5
21. g4 Nd6 22. Ne2 Bb7 23. g5 d4 24. Rhg1 h5 25. Nf4 Nf5 26. Nxe6 Rfe8 27. Nxc7
Rec8 28. Nxa8 Bxa8 29. exd4 Nxh4 30. Re6 Nf3 31. Rd1 Nxg5 32. Rxb6 Be4 33. c3
Kh7 34. Rb5 Kh6 35. Rg1 Nf3 36. Rh1 Ng5 37. Rb6+ g6 38. Rf1 Bd3 39. Rff6 Re8 40.
Kd2 Bb1 41. Ra6 Rg8 42. Kc1 Bd3 43. Rxa5 Ne4 44. Rf3 Bc4 45. Kc2 Re8 46. b3 Ng5
47. Rf2 Bf7 48. Rxg5 Kg7 49. Re5 Rf8 50. d5 Rb8 51. c4 Be8 52. Re7+ Kh6 53. d6
Bc6 54. Rf4 Kg5 55. Rd4 Rf8 56. d7 Rf2+ 57. Kc3 Rf3+ 58. Kb4 Rf6 59. d8=Q Kf5
60. Qc8+ Kg5 61. Re5+ Kh6 62. Qh8# 1-0

[Event "Challenge"]
[Site "http://www.queenalice.com/game.php?id=500687"]
[Date "2008.11.30"]
[Round "-"]
[White "LuisE"]
[Black "JBLOKO"]
[Result "1-0"]
[WhiteElo "1474"]
[BlackElo "1424"]

1. e4 e5 2. Nf3 d6 3. Nc3 Bg4 4. Be2 Nc6 5. h3 Bh5 6. d3 g6 7. Be3 Bg7 8. Qd2
Nf6 9. Bh6 Bxh6 10. Qxh6 Ne7 11. Qg7 Rf8 12. Qxf6 Ng8 13. Qxd8+ Kxd8 14. O-O b6
15. Rfe1 Kc8 16. Rad1 Kb7 17. d4 Nf6 18. d5 Rg8 19. g4 Nxg4 20. hxg4 Bxg4 21.
Nh2 Bh3 22. Bg4 Bxg4 23. Nxg4 h5 24. Nf6 Rh8 25. Kh1 h4 26. Rg1 h3 27. Kh2 Rh4
28. Rg3 Rah8 29. Rdd3 R8h6 30. Rxh3 g5 31. Rxh4 gxh4 32. Ng4 Rg6 33. Kh3 a5 34.
Rf3 Rg7 35. Nb5 c6 36. Nxd6+ Ka7 37. Rxf7+ Rxf7 38. Nxf7 cxd5 39. exd5 Kb7 40.
Ngxe5 1-0

[Event "Let's Play Chess!"]
[Site "http://www.queenalice.com/game.php?id=501191"]
[Date "2008.12.1"]
[Round "-"]
[White "LuisE"]
[Black "Andrei_78"]
[Result "1-0"]
[WhiteElo "1538"]
[BlackElo "1579"]

1. e4 e5 2. Nf3 d6 3. Nc3 c6 4. Be2 Bg4 5. d3 Nf6 6. Be3 h6 7. Qd2 a6 8. a3 Be7
9. h3 Bxf3 10. Bxf3 Nbd7 11. d4 exd4 12. Bxd4 O-O 13. O-O c5 14. Be3 Qb6 15.
Rab1 Ne8 16. Nd5 Qd8 17. Qc3 Ndf6 18. Nxe7+ Qxe7 19. e5 dxe5 20. Qxc5 Qd7 21.
Rfd1 Qf5 22. Bxb7 Rb8 23. Bf3 Rb5 24. Qc3 Ne4 25. Bxe4 Qxe4 26. Bc5 Nf6 27. Bxf8
Kxf8 28. Qc8+ Ke7 29. Qxa6 Qe2 30. a4 Nd7 31. Qd6+ 1-0

[Event "AUTO-INT-1123"]
[Site "http://www.queenalice.com/game.php?id=501838"]
[Date "2008.12.2"]
[Round "1"]
[White "Kuroi"]
[Black "LuisE"]
[Result "0-1"]
[WhiteElo "1606"]
[BlackElo "1556"]

1. e4 e5 2. Nf3 Nc6 3. Nc3 Nf6 4. d3 d6 5. Be3 Be6 6. d4 exd4 7. Bxd4 Nxd4 8.
Qxd4 c5 9. Qa4+ Bd7 10. Bb5 a6 11. Bxd7+ Qxd7 12. e5 Qxa4 13. Nxa4 Nd7 14. O-O-O
dxe5 15. Rhe1 f6 16. h4 Be7 17. Re3 b5 18. Nc3 c4 19. Nd5 Ra7 20. g4 Bc5 21. Re2
h6 22. Red2 O-O 23. Nxf6+ Rxf6 24. g5 Rxf3 25. Rxd7 Rxd7 26. Rxd7 hxg5 27. h5
Rxf2 28. Kd1 Rh2 29. Rd8+ Bf8 30. Ra8 g4 31. Rxa6 g3 32. Rg6 g2 33. h6 Rh1+ 34.
Ke2 g1=Q 35. h7+ Kxh7 36. Rxg1 Rxg1 37. c3 Rg2+ 38. Kd1 Rxb2 39. a3 Bxa3 40. Kc1
Rf2+ 41. Kb1 g5 42. Ka1 g4 43. Kb1 g3 44. Ka1 g2 45. Kb1 g1=R# 0-1

[Event "AUTO-INT-1123"]
[Site "http://www.queenalice.com/game.php?id=501839"]
[Date "2008.12.2"]
[Round "1"]
[White "LuisE"]
[Black "Kuroi"]
[Result "1-0"]
[WhiteElo "1488"]
[BlackElo "1637"]

1. e4 e5 2. Nf3 Nc6 3. Nc3 d6 4. d3 Be6 5. Be3 Nf6 6. h3 d5 7. exd5 Bxd5 8. Nxd5
Qxd5 9. c4 Qa5+ 10. Bd2 Bb4 11. a3 Bxd2+ 12. Qxd2 Qxd2+ 13. Nxd2 Nd4 14. Rc1 O-O
15. g3 c5 16. Bg2 Rab8 17. Nf3 Nb3 18. Rc3 Nd4 19. Nxd4 cxd4 20. Rb3 a5 21. Rxb7
Rxb7 22. Bxb7 Rb8 23. Ba6 Rxb2 24. O-O e4 25. Rd1 Ra2 26. Rb1 g6 27. c5 e3 28.
fxe3 dxe3 29. c6 e2 30. c7 Rc2 31. Bc4 Rb2 32. Re1 Rd2 33. c8=Q+ Kg7 34. Kf2 Rd1
35. Rxe2 Ra1 36. Qc7 Rxa3 37. Qxf7+ Kh6 38. Qxf6 a4 39. Qh4+ Kg7 40. Re7+ Kh8
41. Qxh7# 1-0

[Event "AUTO-INT-1123"]
[Site "http://www.queenalice.com/game.php?id=501850"]
[Date "2008.12.2"]
[Round "1"]
[White "louieflores"]
[Black "LuisE"]
[Result "1-0"]
[WhiteElo "1692"]
[BlackElo "1486"]

1. e4 e5 2. Bc4 Nf6 3. d3 Nc6 4. c3 d6 5. Nf3 h6 6. h3 Bd7 7. Qb3 Be6 8. Qxb7
Na5 9. Qb5+ c6 10. Qa4 Bxc4 11. dxc4 Nd7 12. b4 Nxc4 13. Qxc6 Qc8 14. Qd5 Ndb6
15. Qd3 Be7 16. Nbd2 O-O 17. O-O Bg5 18. Nxc4 Qxc4 19. Qxc4 Nxc4 20. Bxg5 hxg5
21. Nxg5 Rac8 22. Rad1 Rfd8 23. Rd5 Rc7 24. Kh2 Nb6 25. Rd3 d5 26. f3 d4 27.
Rfd1 Nc4 28. Rb1 Ne3 29. Rb2 Rxc3 30. Rbd2 Nf1+ 31. Kg1 Nxd2 32. Rxd2 d3 33. Kf2
Rc2 34. Ke3 Rxd2 35. Kxd2 Rd6 36. h4 f6 37. Nh3 Rd4 38. a3 Kf7 39. Nf2 Rd8 40.
Nxd3 Kg6 41. Kc3 Kh5 42. g3 g5 43. hxg5 Rc8+ 44. Nc5 Kxg5 45. a4 f5 46. exf5
Kxf5 47. a5 Rh8 48. Nd3 Rc8+ 49. Nc5 Rc6 50. Kc4 a6 51. Kd5 Rg6 52. g4+ Kf4 53.
Nd3+ Ke3 54. Nxe5 Rg8 55. Kc6 Re8 56. Nc4+ Kxf3 57. g5 Re6+ 58. Kb7 Kf4 59. Nb6
Kxg5 60. Kxa6 Kf5 61. Kb5 Ke5 62. a6 Kd6 63. a7 Re5+ 64. Ka6 Re8 65. Kb7 Re7+
66. Kb8 Re8+ 67. Nc8+ 1-0

[Event "AUTO-INT-1123"]
[Site "http://www.queenalice.com/game.php?id=501851"]
[Date "2008.12.2"]
[Round "1"]
[White "LuisE"]
[Black "louieflores"]
[Result "0-1"]
[WhiteElo "1510"]
[BlackElo "1676"]

1. e4 e5 2. Nf3 Qf6 3. Nc3 Bc5 4. d3 c6 5. Be2 d6 6. h3 h6 7. O-O Qg6 8. Kh1 Nf6
9. d4 Bb4 10. Bd2 Bxc3 11. Bxc3 Nxe4 12. Qd3 Bf5 13. g4 Nxf2+ 14. Rxf2 Bxd3 15.
Bxd3 Qf6 16. dxe5 dxe5 17. Bxe5 Qe6 18. Bxg7 Qd6 19. Re2+ Kd8 20. Bxh8 Nd7 21.
Rae1 Kc7 22. Bc3 f6 23. a3 Qg3 24. Re3 Qxh3+ 25. Kg1 Qxg4+ 26. Kf2 Ne5 27. Bxe5+
fxe5 28. Nxe5 Qh4+ 29. Ke2 Rh8 30. Nf3 Qh3 31. Kd1 h5 32. Ng5 Qg4+ 33. Nf3 h4
34. Kc1 h3 35. Rh1 Qf4 36. Re1 Rg8 37. Kb1 b5 38. a4 Rg3 39. Re7+ Kb6 40. a5+
Ka6 41. Bxb5+ Kxb5 42. Rxa7 Rxf3 43. c4+ Kb4 44. Rb7+ Kc5 45. b4+ Kxc4 46. Rc1+
Kb3 47. Rd7 Qf5+ 48. Ka1 Qe5+ 49. Kb1 Qb2# 0-1

[Event "AUTO-INT-1123"]
[Site "http://www.queenalice.com/game.php?id=501858"]
[Date "2008.12.2"]
[Round "1"]
[White "LuisE"]
[Black "saturnin"]
[Result "0-1"]
[WhiteElo "1486"]
[BlackElo "1594"]

1. e4 Nc6 2. d4 d5 3. e5 e6 4. Nc3 a6 5. Nf3 f6 6. Be3 fxe5 7. dxe5 Nge7 8. Be2
b5 9. O-O Nf5 10. Nd4 Ncxd4 11. Bxd4 Be7 12. Bh5+ g6 13. Bg4 c5 14. Be3 d4 15.
Bf4 dxc3 16. Qxd8+ Bxd8 17. b3 O-O 18. Be3 Nd4 19. Bxd4 cxd4 20. Rfd1 Rf4 21. h3
h5 22. Bf3 Ra7 23. g3 Rxf3 24. Rd3 Rxd3 25. cxd3 g5 0-1

[Event "AUTO-INT-1123"]
[Site "http://www.queenalice.com/game.php?id=501859"]
[Date "2008.12.2"]
[Round "1"]
[White "saturnin"]
[Black "LuisE"]
[Result "1-0"]
[WhiteElo "1581"]
[BlackElo "1499"]

1. Nf3 Nc6 2. d4 d5 3. e3 Nf6 4. Bb5 Bd7 5. O-O e6 6. a3 Bd6 7. h3 Qe7 8. b4 a6
9. Bd3 e5 10. c4 dxc4 11. Bxc4 Be6 12. Nbd2 Bxc4 13. Nxc4 e4 14. Nxd6+ Qxd6 15.
Bb2 Ne7 16. Ne5 Ned5 17. Qc2 Nd7 18. f3 Nxe3 19. Nxf7 Kxf7 20. Qb3+ Qd5 21.
fxe4+ Nf6 22. exd5 Nxf1 23. Rxf1 Kg6 24. Qg3+ Kf7 25. Qxc7+ 1-0

[Event "AUTO-INT-1149"]
[Site "http://www.queenalice.com/game.php?id=513715"]
[Date "2008.12.28"]
[Round "1"]
[White "fbenevides"]
[Black "LuisE"]
[Result "0-1"]
[WhiteElo "1611"]
[BlackElo "1533"]

1. Nf3 d5 2. e3 Nc6 3. Nc3 e5 4. Bb5 Bd7 5. Bxc6 Bxc6 6. Nxe5 Qd6 7. d4 Nf6 8.
Nxc6 Qxc6 9. Qd3 Bb4 10. Bd2 O-O 11. Ne2 Bxd2+ 12. Qxd2 Ne4 13. Qc1 Qf6 14. O-O
Rfe8 15. f3 Ng5 16. Ng3 Rac8 17. Qd2 c5 18. c3 c4 19. f4 Ne4 20. Nxe4 Rxe4 21.
a4 Rce8 22. Rae1 b6 23. Rf3 Qe7 24. Rg3 g6 25. f5 Kh8 26. fxg6 fxg6 27. Qe2 a6
28. Qf3 Qh4 29. Re2 Kg7 30. Rh3 Qe7 31. Qg3 Rf8 32. Rh5 Re6 33. Rxd5 Ref6 34.
Re1 Qf7 35. Rh5 Rf1+ 36. Rxf1 Qxf1# 0-1

[Event "AUTO-INT-1149"]
[Site "http://www.queenalice.com/game.php?id=513716"]
[Date "2008.12.28"]
[Round "1"]
[White "LuisE"]
[Black "fbenevides"]
[Result "0-1"]
[WhiteElo "1567"]
[BlackElo "1606"]

1. e4 Nc6 2. d4 e6 3. e5 d6 4. f4 dxe5 5. fxe5 Nxd4 6. Be3 Nc6 7. Qxd8+ Nxd8 8.
Nf3 Bd7 9. Nc3 Bb4 10. Bd4 Ba5 11. Bb5 Bxb5 12. O-O-O Bc6 13. Rd3 Nh6 14. Rf1
Ng4 15. h3 Nh6 16. g4 Bxc3 17. Rxc3 b5 18. Bf2 b4 19. Rd3 Bb5 20. Rxd8+ Rxd8 21.
Rd1 Ra8 22. Nd4 a6 23. Nxb5 axb5 24. Be3 Rxa2 25. Bxh6 gxh6 26. Rd4 c5 27. Rd6
Rg8 28. Rb6 Rg5 29. Kb1 Ra8 30. Rxb5 Rxe5 31. c3 bxc3 32. bxc3 Ra7 33. c4 Ke7
34. h4 Rd7 35. Kc2 Rc7 36. Rb8 Re4 37. Kd3 Rxg4 38. Rh8 Rxh4 39. Rxh7 Rd7+ 40.
Kc3 e5 41. Rh8 Rh3+ 42. Kc2 Rd4 43. Rc8 Rg4 44. Rxc5 Rg2+ 45. Kb1 Rh1# 0-1